000 01245nam0a2200337 4500
001 RU\NLR\BIBL_A\022790245
005 20260607130224.0
010 _a978-5-17-173989-8
_92000
035 _a(NLR Aleph) 022790245
090 _a13725734
_c13725734
100 _a20260420d2026 u y0rusy50 ca
101 0 _arus
102 _aRU
105 _aa z 000yy
181 0 _ab3
_bxb2e
181 0 _ai2
_baxxe
182 0 _an
200 1 _aОсновы живописи маслом
_fАнна Хопта, Виталий Лещенко
203 _aИзображение
_aТекст
_bвизуальные
_cнепосредственные
210 _aМосква
_cАСТ, Времена
_d2026
215 _a234, [5] с.
_cил., цв. ил.
_d27
225 1 _aСерия "Проект Александра Рыжкина"
333 _a12+
606 1 _aЖивопись масляными красками
_xТехника
_2nlr_sh1
_2nlr_sh2
_3RU\NLR\AUTH\66465527
686 1 _aЩ140.865
700 1 _aХопта
_bА. В.
_gАнна Васильевна
701 1 _aЛещенко
_bВ. Н.
_gВиталий Николаевич
942 _cBOOK
980 _aNB